Normal view
MARC view
Entry Término temático
001 - NÚMERO DE CONTROL
- campo de control: 140643
003 - IDENTIFICADOR DEL NÚMERO DE CONTROL
- campo de control: OSt
005 - FECHA Y HORA DE LA ÚLTIMA TRANSACCIÓN
- campo de control: 20220127155948.0
008 - DATOS DE LONGITUD FIJA
- campo de control de longitud fija: 220127|| aca||aabn | a|a d
040 ## - FUENTE DE LA CATALOGACIÓN
- Centro catalogador/agencia de origen: OSt
- Centro/agencia transcriptor: OSt
150 ## - ENCABEZAMIENTO--TÉRMINO DE MATERIA
- Término de materia o nombre geográfico como elemento de entrada: Ganado de carne
- Subdivisión general: Aspectos económicos
- Subdivisión general: Michoacán
670 ## - FUENTE DE DATOS ENCONTRADOS
- Cita de la fuente: Work cat.: (OSt)166574: Espinoza Alcántara, Baldemar 38022, Caracterización técnico-económica de la ganadería bovina en el municipio de Carácuaro de Morelos, Michoacán /, 2000
